[Event "DEM U16 2021"]
[Site "Willingen GER"]
[Date "2021.08.23"]
[Round "1"]
[White "Milare, Tyron"]
[Black "Alhamid, Mohamad"]
[Result "1-0"]
[Termination "normal"]
[Board "12"]
[WhiteElo "2161"]
[BlackElo "1652"]
[WhiteClock "01:00:26"]
[BlackClock "00:02:21"]
[PlyCount "67"]
[WhiteFideId "12987018"]
[BlackFideId "16235665"]
[EventCountry "GER"]
[EventRounds "9"]
[EventType "swiss"]
[EventDate "2021.08.22"]

1. d4 {[%clk 1:30:17]} d5 {[%clk 1:30:53]} 2. Nf3 {[%clk 1:29:55]} Bf5 {[%clk
1:30:56]} 3. c4 {[%clk 1:30:13]} e6 {[%clk 1:31:20]} 4. Nc3 {[%clk 1:30:11]}
Nf6 {[%clk 1:31:42]} 5. Qb3 {[%clk 1:28:42]} Nc6 {[%clk 1:26:43]} 6. a3 {[%clk
1:24:23]} Na5 {[%clk 1:23:24]} 7. Qa4+ {[%clk 1:24:15]} c6 {[%clk 1:23:39]} 8.
c5 {[%clk 1:22:14]} Be7 {[%clk 1:00:52]} 9. e3 {[%clk 1:18:18]} b5 {[%clk
0:58:02]} 10. cxb6 {[%clk 1:14:26]} axb6 {[%clk 0:51:29]} 11. b4 {[%clk
1:12:42]} Nc4 {[%clk 0:36:02]} 12. Qxc6+ {[%clk 1:08:51]} Nd7 {[%clk 0:34:10]}
13. Bxc4 {[%clk 1:04:13]} Rc8 {[%clk 0:12:17]} 14. Qa4 {[%clk 1:03:05]} Rxc4
{[%clk 0:12:34]} 15. Bb2 {[%clk 1:03:19]} O-O {[%clk 0:11:22]} 16. O-O {[%clk
1:02:25]} Nf6 {[%clk 0:06:42]} 17. Ne5 {[%clk 1:01:42]} Rc8 {[%clk 0:06:07]}
18. Rfc1 {[%clk 1:01:52]} Bd6 {[%clk 0:05:18]} 19. Nb5 {[%clk 0:56:49]} Ne4
{[%clk 0:01:56]} 20. Rxc8 {[%clk 0:56:18]} Qxc8 {[%clk 0:02:14]} 21. f3 {[%clk
0:56:38]} Bxe5 {[%clk 0:01:19]} 22. fxe4 {[%clk 0:56:59]} Bxe4 {[%clk 0:01:12]}
23. dxe5 {[%clk 0:57:20]} Bc2 {[%clk 0:01:27]} 24. Qa7 {[%clk 0:57:30]} Qc4
{[%clk 0:00:36]} 25. Qxb6 {[%clk 0:57:32]} Be4 {[%clk 0:00:39]} 26. Nd6 {[%clk
0:57:17]} Qc2 {[%clk 0:00:41]} 27. Nxe4 {[%clk 0:57:41]} Qxb2 {[%clk 0:00:58]}
28. Qd4 {[%clk 0:58:07]} Qxd4 {[%clk 0:01:06]} 29. exd4 {[%clk 0:58:31]} dxe4
{[%clk 0:01:31]} 30. a4 {[%clk 0:58:56]} Ra8 {[%clk 0:01:17]} 31. a5 {[%clk
0:59:20]} Kf8 {[%clk 0:01:42]} 32. b5 {[%clk 0:59:36]} Ke7 {[%clk 0:02:06]} 33.
b6 {[%clk 1:00:01]} Kd7 {[%clk 0:02:21]} 34. b7 {[%clk 1:00:26]} 1-0

[Event "DEM U16 2021"]
[Site "Willingen GER"]
[Date "2021.08.23"]
[Round "1"]
[White "Lohmann, Laurin"]
[Black "Bui, Bao Anh Le"]
[Result "0-1"]
[Termination "normal"]
[Board "13"]
[WhiteElo "1810"]
[BlackElo "2179"]
[WhiteClock "00:02:34"]
[BlackClock "00:04:41"]
[PlyCount "64"]
[WhiteFideId "16281594"]
[BlackFideId "12970719"]
[EventCountry "GER"]
[EventRounds "9"]
[EventType "swiss"]
[EventDate "2021.08.22"]

1. e4 {[%clk 1:30:56]} c5 {[%clk 1:30:29]} 2. c3 {[%clk 1:30:59]} Nf6 {[%clk
1:30:27]} 3. e5 {[%clk 1:31:17]} Nd5 {[%clk 1:30:47]} 4. d4 {[%clk 1:31:32]}
cxd4 {[%clk 1:30:41]} 5. cxd4 {[%clk 1:31:55]} d6 {[%clk 1:31:06]} 6. Nf3
{[%clk 1:26:47]} Nc6 {[%clk 1:31:14]} 7. Bc4 {[%clk 1:19:44]} Nb6 {[%clk
1:30:35]} 8. Bb5 {[%clk 0:59:23]} dxe5 {[%clk 1:30:53]} 9. Nxe5 {[%clk
0:57:11]} Bd7 {[%clk 1:31:19]} 10. Nxd7 {[%clk 0:53:58]} Qxd7 {[%clk 1:31:39]}
11. O-O {[%clk 0:54:05]} e6 {[%clk 1:32:04]} 12. Nc3 {[%clk 0:51:52]} Rd8
{[%clk 1:32:18]} 13. Be3 {[%clk 0:50:53]} Be7 {[%clk 1:32:42]} 14. Qg4 {[%clk
0:44:54]} O-O {[%clk 1:32:48]} 15. Rad1 {[%clk 0:41:48]} f5 {[%clk 1:30:32]}
16. Qf3 {[%clk 0:38:56]} Qc7 {[%clk 1:25:20]} 17. Bf4 {[%clk 0:35:37]} Bd6
{[%clk 1:22:06]} 18. Bxd6 {[%clk 0:34:38]} Qxd6 {[%clk 1:18:13]} 19. Bxc6
{[%clk 0:33:52]} Qxc6 {[%clk 0:59:44]} 20. Qe2 {[%clk 0:26:13]} Nd5 {[%clk
0:50:09]} 21. Rfe1 {[%clk 0:20:35]} Nf4 {[%clk 0:45:14]} 22. Qf1 {[%clk
0:19:32]} Rf6 {[%clk 0:15:02]} 23. Re3 {[%clk 0:11:08]} Rg6 {[%clk 0:09:44]}
24. Rg3 {[%clk 0:10:56]} Qb6 {[%clk 0:09:10]} 25. Rxg6 {[%clk 0:08:52]} hxg6
{[%clk 0:09:16]} 26. Ne2 {[%clk 0:07:11]} Nd5 {[%clk 0:08:25]} 27. Rd2 {[%clk
0:07:00]} Qa5 {[%clk 0:08:02]} 28. Qc1 {[%clk 0:04:04]} Qxa2 {[%clk 0:07:56]}
29. Nc3 {[%clk 0:02:58]} Qc4 {[%clk 0:06:49]} 30. Qe1 {[%clk 0:01:53]} Nxc3
{[%clk 0:06:55]} 31. bxc3 {[%clk 0:02:21]} Qxc3 {[%clk 0:04:15]} 32. Qxe6+
{[%clk 0:02:34]} Kh7 {[%clk 0:04:41]} 0-1

[Event "DEM U16 2021"]
[Site "Willingen GER"]
[Date "2021.08.23"]
[Round "1"]
[White "Müller, Magnus"]
[Black "Kulm, Justin"]
[Result "1-0"]
[Termination "normal"]
[Board "14"]
[WhiteElo "2147"]
[BlackElo "1628"]
[WhiteClock "00:08:28"]
[BlackClock "00:03:12"]
[PlyCount "60"]
[WhiteFideId "16230060"]
[BlackFideId "34603565"]
[EventCountry "GER"]
[EventRounds "9"]
[EventType "swiss"]
[EventDate "2021.08.22"]

1. e4 {[%clk 1:30:57]} d6 {[%clk 1:30:48]} 2. d4 {[%clk 1:31:06]} Nf6 {[%clk
1:30:59]} 3. Nc3 {[%clk 1:30:00]} g6 {[%clk 1:30:21]} 4. Nf3 {[%clk 1:28:32]}
Bg7 {[%clk 1:29:44]} 5. h3 {[%clk 1:27:02]} O-O {[%clk 1:27:02]} 6. Be3 {[%clk
1:25:47]} Nbd7 {[%clk 1:23:53]} 7. Bc4 {[%clk 1:19:43]} c6 {[%clk 1:20:59]} 8.
e5 {[%clk 1:13:32]} dxe5 {[%clk 1:07:17]} 9. dxe5 {[%clk 1:13:12]} Ne8 {[%clk
1:07:12]} 10. e6 {[%clk 1:08:35]} fxe6 {[%clk 1:05:30]} 11. Bxe6+ {[%clk
1:08:35]} Kh8 {[%clk 1:05:37]} 12. Ng5 {[%clk 1:01:20]} Nd6 {[%clk 1:01:15]}
13. O-O {[%clk 0:55:39]} Qa5 {[%clk 0:33:18]} 14. Qd2 {[%clk 0:41:15]} Ne5
{[%clk 0:25:22]} 15. Bxc8 {[%clk 0:34:14]} Nec4 {[%clk 0:20:28]} 16. Qe2 {[%clk
0:31:21]} Raxc8 {[%clk 0:19:00]} 17. Ne6 {[%clk 0:29:45]} Rf7 {[%clk 0:15:40]}
18. Nxg7 {[%clk 0:27:51]} Kxg7 {[%clk 0:15:45]} 19. Rab1 {[%clk 0:23:16]} Qe5
{[%clk 0:12:44]} 20. Rfe1 {[%clk 0:21:08]} b6 {[%clk 0:10:15]} 21. Qg4 {[%clk
0:19:31]} Qf5 {[%clk 0:04:50]} 22. Bd4+ {[%clk 0:18:01]} e5 {[%clk 0:03:52]}
23. Qxf5 {[%clk 0:17:45]} Rxf5 {[%clk 0:04:10]} 24. Be3 {[%clk 0:15:29]} Nxe3
{[%clk 0:03:45]} 25. Rxe3 {[%clk 0:14:54]} Re8 {[%clk 0:04:03]} 26. b3 {[%clk
0:13:58]} Rf6 {[%clk 0:04:10]} 27. Rbe1 {[%clk 0:13:27]} Rfe6 {[%clk 0:04:13]}
28. f4 {[%clk 0:11:40]} Kf6 {[%clk 0:03:34]} 29. fxe5+ {[%clk 0:09:52]} Rxe5
{[%clk 0:03:38]} 30. Kf2 {[%clk 0:08:28]} Rxe3 {[%clk 0:03:12]} 1-0

[Event "DEM U16 2021"]
[Site "Willingen GER"]
[Date "2021.08.23"]
[Round "2"]
[White "Bethke, Richard"]
[Black "Haack, Kevin"]
[Result "0-1"]
[Termination "normal"]
[Board "1"]
[WhiteTitle "FM"]
[WhiteElo "2337"]
[BlackElo "2076"]
[WhiteClock "00:06:04"]
[BlackClock "00:15:31"]
[PlyCount "130"]
[WhiteFideId "12959243"]
[BlackFideId "16228715"]
[EventCountry "GER"]
[EventRounds "9"]
[EventType "swiss"]
[EventDate "2021.08.22"]

1. e4 {[%clk 1:30:58]} c6 {[%clk 1:30:55]} 2. d4 {[%clk 1:31:22]} d5 {[%clk
1:31:21]} 3. e5 {[%clk 1:31:43]} Bf5 {[%clk 1:31:47]} 4. h4 {[%clk 1:32:09]} h5
{[%clk 1:32:14]} 5. Bd3 {[%clk 1:32:35]} Bxd3 {[%clk 1:32:36]} 6. Qxd3 {[%clk
1:33:00]} Qa5+ {[%clk 1:33:00]} 7. Nd2 {[%clk 1:33:24]} e6 {[%clk 1:33:22]} 8.
Ngf3 {[%clk 1:33:11]} Ne7 {[%clk 1:33:43]} 9. O-O {[%clk 1:32:40]} Nf5 {[%clk
1:34:08]} 10. c4 {[%clk 1:32:40]} Be7 {[%clk 1:33:27]} 11. cxd5 {[%clk
1:31:30]} cxd5 {[%clk 1:32:18]} 12. g3 {[%clk 1:24:34]} O-O {[%clk 1:31:07]}
13. Nb3 {[%clk 1:22:17]} Qa6 {[%clk 1:24:19]} 14. Qd1 {[%clk 1:22:27]} b6
{[%clk 1:22:30]} 15. Bg5 {[%clk 1:16:01]} Nc6 {[%clk 1:19:20]} 16. Nh2 {[%clk
1:09:51]} g6 {[%clk 1:05:09]} 17. g4 {[%clk 0:55:08]} Bxg5 {[%clk 0:43:03]} 18.
gxf5 {[%clk 0:55:08]} Bf4 {[%clk 0:43:03]} 19. fxg6 {[%clk 0:55:08]} fxg6
{[%clk 0:43:03]} 20. Nf3 {[%clk 0:55:08]} Qb7 {[%clk 0:43:03]} 21. Qc2 Qf7 22.
a3 {[%clk 0:46:10]} Ne7 {[%clk 0:28:24]} 23. Ne1 {[%clk 0:45:28]} g5 {[%clk
0:24:30]} 24. hxg5 {[%clk 0:43:32]} Kh8 {[%clk 0:23:19]} 25. Kh1 {[%clk
0:39:54]} Bxg5 {[%clk 0:20:24]} 26. f4 {[%clk 0:35:01]} Nf5 {[%clk 0:19:32]}
27. Qh2 {[%clk 0:27:24]} Ne3 {[%clk 0:16:49]} 28. Rf3 {[%clk 0:26:05]} Bxf4
{[%clk 0:12:01]} 29. Qh4 {[%clk 0:25:10]} Qf5 {[%clk 0:05:46]} 30. Rc1 {[%clk
0:16:26]} Rf7 {[%clk 0:06:12]} 31. Rc3 {[%clk 0:13:07]} Qg4 {[%clk 0:03:56]}
32. Qxg4 {[%clk 0:07:26]} Nxg4 {[%clk 0:04:24]} 33. Rc6 {[%clk 0:06:35]} Raf8
{[%clk 0:03:23]} 34. Rxe6 {[%clk 0:06:14]} Bxe5 {[%clk 0:03:50]} 35. dxe5
{[%clk 0:04:15]} Rxf3 {[%clk 0:04:16]} 36. Nxf3 {[%clk 0:04:40]} Rxf3 {[%clk
0:04:43]} 37. Nd4 {[%clk 0:05:04]} Rf1+ {[%clk 0:03:37]} 38. Kg2 {[%clk
0:05:29]} Rf2+ {[%clk 0:04:05]} 39. Kg3 {[%clk 0:05:39]} Rxb2 {[%clk 0:04:28]}
40. Re8+ {[%clk 0:03:49]} Kg7 {[%clk 0:04:15]} 41. e6 {[%clk 0:01:11]} Nf6
{[%clk 0:21:24]} 42. Re7+ {[%clk 0:30:04]} Kg6 {[%clk 0:21:48]} 43. Rxa7 {[%clk
0:29:51]} Rd2 {[%clk 0:17:50]} 44. Nf3 {[%clk 0:26:47]} Re2 {[%clk 0:18:10]}
45. Nh4+ {[%clk 0:25:45]} Kh6 {[%clk 0:18:35]} 46. Kf4 {[%clk 0:23:18]} Re4+
{[%clk 0:18:26]} 47. Kf5 {[%clk 0:23:42]} Ne8 {[%clk 0:18:50]} 48. Ra8 {[%clk
0:18:36]} Ng7+ {[%clk 0:16:28]} 49. Kf6 {[%clk 0:19:01]} Rf4+ {[%clk 0:16:30]}
50. Ke5 {[%clk 0:18:47]} Rxh4 {[%clk 0:16:46]} 51. Kxd5 {[%clk 0:17:37]} Rh1
{[%clk 0:16:49]} 52. Rb8 {[%clk 0:14:01]} h4 {[%clk 0:13:11]} 53. Rxb6 {[%clk
0:12:44]} h3 {[%clk 0:13:09]} 54. e7+ {[%clk 0:12:22]} Kh5 {[%clk 0:13:24]} 55.
Rb8 {[%clk 0:07:48]} h2 {[%clk 0:13:13]} 56. e8=Q+ {[%clk 0:07:16]} Nxe8 {[%clk
0:13:36]} 57. Rxe8 {[%clk 0:07:40]} Rd1+ {[%clk 0:13:46]} 58. Kc5 {[%clk
0:08:05]} Kg6 {[%clk 0:13:33]} 59. Rh8 {[%clk 0:08:18]} h1=Q {[%clk 0:13:58]}
60. Rxh1 {[%clk 0:08:36]} Rxh1 {[%clk 0:14:26]} 61. a4 {[%clk 0:08:47]} Kf6
{[%clk 0:14:53]} 62. a5 {[%clk 0:07:40]} Ke7 {[%clk 0:14:30]} 63. Kb6 {[%clk
0:06:51]} Kd7 {[%clk 0:14:42]} 64. Kb7 {[%clk 0:06:40]} Rb1+ {[%clk 0:15:06]}
65. Ka8 {[%clk 0:06:04]} Ra1 {[%clk 0:15:31]} 0-1

[Event "DEM U16 2021"]
[Site "Willingen GER"]
[Date "2021.08.23"]
[Round "2"]
[White "Pubantz, Jan"]
[Black "Arakelian, Aik"]
[Result "1/2-1/2"]
[Termination "normal"]
[Board "2"]
[WhiteElo "2268"]
[BlackElo "2052"]
[WhiteClock "00:15:44"]
[BlackClock "00:11:10"]
[PlyCount "72"]
[WhiteFideId "12996114"]
[BlackFideId "16220340"]
[EventCountry "GER"]
[EventRounds "9"]
[EventType "swiss"]
[EventDate "2021.08.22"]

1. Nf3 {[%clk 1:30:58]} c5 {[%clk 1:30:49]} 2. c4 {[%clk 1:31:23]} e6 {[%clk
1:31:09]} 3. Nc3 {[%clk 1:29:00]} Nf6 {[%clk 1:30:45]} 4. e3 {[%clk 1:28:38]}
d5 {[%clk 1:29:55]} 5. d4 {[%clk 1:26:38]} Nc6 {[%clk 1:26:53]} 6. a3 {[%clk
1:26:35]} Be7 {[%clk 1:20:57]} 7. dxc5 {[%clk 1:25:13]} Bxc5 {[%clk 1:20:39]}
8. b4 {[%clk 1:25:12]} Bd6 {[%clk 1:20:55]} 9. Bb2 {[%clk 1:24:20]} O-O {[%clk
1:17:14]} 10. cxd5 {[%clk 1:17:12]} exd5 {[%clk 1:17:32]} 11. Be2 {[%clk
1:17:38]} Be6 {[%clk 1:05:19]} 12. Nb5 {[%clk 1:17:07]} Be7 {[%clk 1:02:05]}
13. O-O {[%clk 1:16:45]} Ne4 {[%clk 0:59:37]} 14. Nbd4 {[%clk 1:13:56]} Bf6
{[%clk 0:58:06]} 15. Rc1 {[%clk 1:13:09]} Nxd4 {[%clk 0:51:36]} 16. Bxd4 {[%clk
1:06:19]} Qd6 {[%clk 0:45:08]} 17. Bxf6 {[%clk 1:03:37]} Nxf6 {[%clk 0:45:29]}
18. Qd4 a5 19. Ne5 {[%clk 0:48:22]} axb4 {[%clk 0:40:01]} 20. axb4 {[%clk
0:48:48]} Ra4 {[%clk 0:39:32]} 21. Nd3 {[%clk 0:46:04]} b6 {[%clk 0:36:17]} 22.
Bd1 {[%clk 0:44:59]} Raa8 {[%clk 0:32:34]} 23. Ne5 {[%clk 0:42:18]} Rfc8 {[%clk
0:31:40]} 24. Be2 {[%clk 0:38:11]} Ra4 {[%clk 0:23:55]} 25. Rxc8+ {[%clk
0:34:39]} Bxc8 {[%clk 0:24:16]} 26. Rb1 {[%clk 0:33:43]} Bf5 {[%clk 0:20:06]}
27. Bd3 {[%clk 0:33:10]} Bxd3 {[%clk 0:19:39]} 28. Nxd3 {[%clk 0:32:35]} h6
{[%clk 0:18:55]} 29. g3 {[%clk 0:27:30]} Ne4 {[%clk 0:16:21]} 30. Rc1 {[%clk
0:25:33]} Ng5 {[%clk 0:14:42]} 31. Qg4 {[%clk 0:16:00]} Qg6 {[%clk 0:10:52]}
32. Ne5 {[%clk 0:15:22]} Qe4 {[%clk 0:11:02]} 33. Qxe4 {[%clk 0:15:03]} dxe4
{[%clk 0:11:21]} 34. Nd7 {[%clk 0:14:57]} Rxb4 {[%clk 0:10:52]} 35. Rc8+ {[%clk
0:15:19]} Kh7 {[%clk 0:11:10]} 36. Nf8+ {[%clk 0:15:44]} Kg8 1/2-1/2

[Event "DEM U16 2021"]
[Site "Willingen GER"]
[Date "2021.08.23"]
[Round "2"]
[White "Bui, Bao Anh Le"]
[Black "Weihrauch, Jakob"]
[Result "1/2-1/2"]
[Termination "normal"]
[Board "3"]
[WhiteElo "2179"]
[BlackElo "2137"]
[WhiteClock "00:01:44"]
[BlackClock "00:03:10"]
[PlyCount "56"]
[WhiteFideId "12970719"]
[BlackFideId "16210115"]
[EventCountry "GER"]
[EventRounds "9"]
[EventType "swiss"]
[EventDate "2021.08.22"]

1. e4 {[%clk 1:30:36]} c5 {[%clk 1:30:36]} 2. Nf3 {[%clk 1:30:44]} d6 {[%clk
1:31:02]} 3. Bb5+ {[%clk 1:31:05]} Nd7 {[%clk 1:30:15]} 4. Ba4 {[%clk 1:31:12]}
Ngf6 {[%clk 1:29:14]} 5. O-O {[%clk 1:30:57]} a6 {[%clk 1:20:52]} 6. c4 {[%clk
1:30:53]} Nxe4 {[%clk 1:13:59]} 7. Re1 {[%clk 1:30:59]} Nef6 {[%clk 1:13:55]}
8. d4 {[%clk 1:31:18]} cxd4 {[%clk 0:59:30]} 9. Nxd4 {[%clk 1:31:10]} g6 {[%clk
0:57:46]} 10. Bf4 {[%clk 1:11:06]} Qc7 {[%clk 0:42:39]} 11. Qe2 {[%clk
1:03:51]} e5 12. Nf3 {[%clk 0:55:34]} Bg7 {[%clk 0:39:06]} 13. Nxe5 {[%clk
0:54:44]} O-O {[%clk 0:39:25]} 14. Nxd7 {[%clk 0:47:58]} Bxd7 {[%clk 0:38:21]}
15. Bxd7 {[%clk 0:36:32]} Qxd7 {[%clk 0:31:32]} 16. Nc3 {[%clk 0:33:26]} d5
{[%clk 0:29:34]} 17. cxd5 {[%clk 0:26:45]} Nxd5 {[%clk 0:28:57]} 18. Nxd5
{[%clk 0:13:54]} Qxd5 {[%clk 0:29:15]} 19. Qf3 {[%clk 0:12:49]} Qb5 {[%clk
0:21:26]} 20. Qe2 {[%clk 0:04:24]} Bxb2 {[%clk 0:14:51]} 21. Rab1 {[%clk
0:03:53]} Rfe8 {[%clk 0:12:46]} 22. Be3 {[%clk 0:04:03]} Qxe2 {[%clk 0:12:08]}
23. Rxe2 {[%clk 0:04:29]} Bd4 {[%clk 0:11:45]} 24. Rxb7 {[%clk 0:04:35]} Rac8
{[%clk 0:08:40]} 25. g4 {[%clk 0:03:08]} f5 {[%clk 0:04:46]} 26. gxf5 {[%clk
0:02:23]} gxf5 {[%clk 0:05:16]} 27. Rb4 {[%clk 0:02:10]} Rcd8 {[%clk 0:04:50]}
28. Kf1 {[%clk 0:01:44]} Bxe3 {[%clk 0:03:10]} 1/2-1/2

[Event "DEM U16 2021"]
[Site "Willingen GER"]
[Date "2021.08.23"]
[Round "2"]
[White "Eilenberg, Jonas"]
[Black "Müller, Magnus"]
[Result "1-0"]
[Termination "normal"]
[Board "5"]
[WhiteElo "2087"]
[BlackElo "2147"]
[WhiteClock "00:08:11"]
[BlackClock "00:28:06"]
[PlyCount "95"]
[WhiteFideId "16204271"]
[BlackFideId "16230060"]
[EventCountry "GER"]
[EventRounds "9"]
[EventType "swiss"]
[EventDate "2021.08.22"]

1. d4 {[%clk 1:30:58]} Nf6 {[%clk 1:30:44]} 2. c4 {[%clk 1:31:21]} e6 {[%clk
1:31:09]} 3. Nc3 {[%clk 1:31:45]} Bb4 {[%clk 1:31:35]} 4. e3 {[%clk 1:32:03]}
O-O {[%clk 1:31:15]} 5. Bd3 {[%clk 1:32:09]} d5 {[%clk 1:31:17]} 6. a3 {[%clk
1:32:09]} Bxc3+ {[%clk 1:31:25]} 7. bxc3 {[%clk 1:32:33]} dxc4 {[%clk 1:29:51]}
8. Bxc4 {[%clk 1:32:57]} c5 {[%clk 1:29:43]} 9. Ne2 {[%clk 1:33:18]} Nc6 {[%clk
1:26:18]} 10. O-O {[%clk 1:27:00]} b6 {[%clk 1:14:59]} 11. Bb2 {[%clk 1:18:51]}
Bb7 {[%clk 1:14:22]} 12. Ng3 {[%clk 1:15:54]} Qc7 {[%clk 1:10:54]} 13. Qe2
{[%clk 1:01:55]} Rac8 {[%clk 1:03:59]} 14. Rac1 {[%clk 0:40:55]} Rfd8 {[%clk
0:37:41]} 15. f4 Na5 16. Ba2 cxd4 {[%clk 0:32:39]} 17. cxd4 {[%clk 0:40:55]}
Qd6 {[%clk 0:32:49]} 18. f5 {[%clk 0:36:36]} Bd5 {[%clk 0:30:45]} 19. Rxc8
{[%clk 0:19:48]} Rxc8 {[%clk 0:30:55]} 20. fxe6 {[%clk 0:12:25]} Bxa2 {[%clk
0:08:49]} 21. d5 {[%clk 0:08:00]} Bxd5 {[%clk 0:08:41]} 22. Rxf6 {[%clk
0:06:48]} gxf6 {[%clk 0:06:39]} 23. Qg4+ {[%clk 0:05:37]} Kf8 {[%clk 0:06:47]}
24. e7+ {[%clk 0:03:34]} Qxe7 {[%clk 0:06:51]} 25. Qxc8+ {[%clk 0:04:00]} Qe8
{[%clk 0:07:14]} 26. Qc3 {[%clk 0:03:55]} Nc4 {[%clk 0:06:51]} 27. e4 {[%clk
0:04:04]} Nxb2 {[%clk 0:06:11]} 28. Qxb2 {[%clk 0:03:40]} Bxe4 {[%clk 0:06:00]}
29. Qb4+ {[%clk 0:03:59]} Qe7 {[%clk 0:06:01]} 30. Nxe4 {[%clk 0:03:13]} Qxb4
{[%clk 0:06:16]} 31. axb4 {[%clk 0:03:42]} Ke7 {[%clk 0:06:25]} 32. Kf2 {[%clk
0:03:37]} a5 {[%clk 0:06:38]} 33. bxa5 {[%clk 0:02:56]} bxa5 {[%clk 0:07:03]}
34. Ke3 {[%clk 0:03:06]} Ke6 {[%clk 0:06:58]} 35. Kd4 {[%clk 0:02:35]} h6
{[%clk 0:07:14]} 36. Nc3 {[%clk 0:01:28]} Kf5 {[%clk 0:07:32]} 37. Na4 {[%clk
0:00:53]} Kg4 {[%clk 0:07:55]} 38. Nc3 {[%clk 0:01:03]} h5 {[%clk 0:08:19]} 39.
Nd5 {[%clk 0:01:16]} f5 {[%clk 0:08:43]} 40. Ne3+ {[%clk 0:01:06]} Kg5 {[%clk
0:09:04]} 41. Nf1 {[%clk 0:15:58]} f4 {[%clk 0:35:02]} 42. Ke4 {[%clk 0:12:11]}
a4 {[%clk 0:33:19]} 43. h3 {[%clk 0:10:59]} a3 {[%clk 0:29:29]} 44. Nd2 {[%clk
0:11:21]} a2 {[%clk 0:29:53]} 45. Nb3 {[%clk 0:11:48]} h4 {[%clk 0:29:11]} 46.
Ke5 {[%clk 0:07:22]} f5 {[%clk 0:28:18]} 47. Na1 {[%clk 0:07:45]} f3 {[%clk
0:28:06]} 48. gxf3 {[%clk 0:08:11]} 1-0

[Event "DEM U16 2021"]
[Site "Willingen GER"]
[Date "2021.08.23"]
[Round "2"]
[White "Hommer, Jeremy"]
[Black "Musiolik, David"]
[Result "1-0"]
[Termination "normal"]
[Board "7"]
[WhiteElo "2172"]
[BlackElo "2286"]
[WhiteClock "00:12:20"]
[BlackClock "00:00:38"]
[PlyCount "61"]
[WhiteFideId "12992577"]
[BlackFideId "12972355"]
[EventCountry "GER"]
[EventRounds "9"]
[EventType "swiss"]
[EventDate "2021.08.22"]

1. e4 {[%clk 1:30:56]} c6 {[%clk 1:30:55]} 2. d4 {[%clk 1:31:01]} d5 {[%clk
1:31:19]} 3. exd5 {[%clk 1:31:22]} cxd5 {[%clk 1:31:41]} 4. Bf4 {[%clk
1:31:33]} Nc6 {[%clk 1:31:37]} 5. c3 {[%clk 1:31:51]} g6 {[%clk 1:31:04]} 6.
Nf3 {[%clk 1:27:16]} Bg7 {[%clk 1:31:04]} 7. Nbd2 {[%clk 1:22:41]} Nh6 {[%clk
1:30:42]} 8. Bb5 {[%clk 1:21:14]} O-O {[%clk 1:12:14]} 9. O-O {[%clk 1:20:27]}
Bf5 {[%clk 1:05:09]} 10. Re1 {[%clk 1:04:36]} Re8 11. Ne5 Qb6 {[%clk 0:44:39]}
12. Qb3 {[%clk 0:42:05]} Na5 {[%clk 0:23:43]} 13. Qb4 {[%clk 0:32:42]} Rf8
{[%clk 0:21:20]} 14. a3 {[%clk 0:26:02]} Rad8 {[%clk 0:15:18]} 15. Bf1 {[%clk
0:20:28]} f6 {[%clk 0:11:12]} 16. Qxb6 {[%clk 0:20:19]} axb6 {[%clk 0:11:39]}
17. Nd3 {[%clk 0:20:18]} Rd7 {[%clk 0:07:40]} 18. Nb4 {[%clk 0:20:33]} Nc6
{[%clk 0:07:53]} 19. Bb5 {[%clk 0:20:41]} Rc8 {[%clk 0:07:20]} 20. h3 {[%clk
0:19:51]} g5 {[%clk 0:04:28]} 21. Bh2 {[%clk 0:15:36]} Bf8 {[%clk 0:04:22]} 22.
Re2 {[%clk 0:13:50]} Kf7 {[%clk 0:03:30]} 23. Rae1 {[%clk 0:14:12]} g4 {[%clk
0:02:41]} 24. hxg4 {[%clk 0:12:31]} Nxg4 {[%clk 0:03:06]} 25. Bf4 {[%clk
0:12:41]} h5 {[%clk 0:03:01]} 26. f3 {[%clk 0:12:08]} Nh6 {[%clk 0:03:26]} 27.
Nf1 {[%clk 0:12:26]} h4 {[%clk 0:01:49]} 28. Ne3 {[%clk 0:12:06]} Be6 {[%clk
0:01:03]} 29. Nc4 {[%clk 0:12:18]} Nxb4 {[%clk 0:00:48]} 30. Nxb6 {[%clk
0:12:26]} Rdd8 {[%clk 0:00:38]} 31. axb4 {[%clk 0:12:20]} 1-0